[Event "DEM U10"]
[Site "Willingen"]
[Date "2006.06.07"]
[Round "8.10"]
[White "Lebeda, Timo"]
[Black "Wagner, Dennis"]
[Result "0-1"]
[WhiteElo "1496"]
[BlackElo "1225"]
[PlyCount "86"]
[EventDate "2006.??.??"]
[EventType "swiss"]
[EventRounds "11"]
[EventCountry "GER"]

1. e4 e5 2. Nf3 Nc6 3. Bc4 Bc5 4. b4 Bxb4 5. c3 Bc5 6. d4 exd4 7. O-O d3 8.
Qxd3 d6 9. e5 Nge7 10. exd6 Bxd6 11. Re1 Na5 12. Bd5 O-O 13. Ng5 Bf5 14. Be4
Bxe4 15. Qxe4 Ng6 16. Bb2 Re8 17. Qxe8+ Qxe8 18. Rxe8+ Rxe8 19. Na3 Re2 20. Rb1
Bxa3 21. Bxa3 Rxa2 22. Bb4 Nc6 23. Bc5 Ra5 24. Be3 a6 25. Nf3 Ra3 26. h3 b5 27.
Rc1 f6 28. c4 b4 29. Rb1 a5 30. Nd4 Nxd4 31. Bxd4 Rd3 32. Ba7 b3 33. c5 a4 34.
c6 a3 35. Re1 b2 36. h4 a2 37. h5 a1=Q 38. Rxa1 bxa1=Q+ 39. Kh2 Qxa7 40. hxg6
Qxf2 41. gxh7+ Kxh7 42. Kh1 Rd1+ 43. Kh2 Qh4# 0-1

[Event "DEM U10"]
[Site "Willingen"]
[Date "2006.06.07"]
[Round "8.11"]
[White "Nöttling, Dominik"]
[Black "Carmesin, Matthias"]
[Result "1/2-1/2"]
[WhiteElo "1503"]
[BlackElo "1379"]
[PlyCount "116"]
[EventDate "2006.??.??"]
[EventType "swiss"]
[EventRounds "11"]
[EventCountry "GER"]

1. e4 c5 2. Nf3 Nc6 3. d4 cxd4 4. Nxd4 Nf6 5. Nc3 e5 6. Ndb5 d6 7. Bg5 a6 8.
Na3 b5 9. Nd5 Be7 10. Bxf6 Bxf6 11. c3 Ne7 12. Nc2 Nxd5 13. Qxd5 Be6 14. Qc6+
Ke7 15. Ne3 Qd7 16. Nd5+ Bxd5 17. Qxd5 Rhd8 18. Be2 Kf8 19. O-O Rac8 20. Rad1
Rc5 21. Qxc5 dxc5 22. Rxd7 Rxd7 23. Rd1 Ke7 24. a4 Rxd1+ 25. Bxd1 Kd6 26. Bg4
Kc7 27. axb5 axb5 28. b3 Bg5 29. Be2 Kb6 30. c4 bxc4 31. Bxc4 f6 32. Kf1 Ka5
33. Ke2 Kb4 34. Kd3 Ka5 35. Kc2 Kb6 36. g3 Kc6 37. h4 Bh6 38. Bg8 Kd6 39. Bxh7
Kc6 40. Bg8 Kd6 41. Kd3 Bc1 42. Ke2 Ke7 43. Kf3 g6 44. g4 Kf8 45. Bc4 Kg7 46.
h5 Kh6 47. Bf7 gxh5 48. gxh5 Kg5 49. Bg6 Bd2 50. Ke2 Bc1 51. Kd1 Bb2 52. Kc2
Bd4 53. f3 Be3 54. Kd3 Bf2 55. Kc4 Kh6 56. Kd5 Kg7 57. Ke6 Be3 58. Kf5 Bf4
1/2-1/2

[Event "DEM U10"]
[Site "Willingen"]
[Date "2006.06.07"]
[Round "8.12"]
[White "Weber, Clemens"]
[Black "Azizi, Nassim"]
[Result "0-1"]
[WhiteElo "1174"]
[BlackElo "1331"]
[PlyCount "126"]
[EventDate "2006.??.??"]
[EventType "swiss"]
[EventRounds "11"]
[EventCountry "GER"]

1. e4 c5 2. Nf3 Nc6 3. d4 cxd4 4. Nxd4 a6 5. Nc3 e6 6. Be2 Nge7 7. Be3 Ng6 8.
O-O Be7 9. f4 b5 10. Nxc6 dxc6 11. Qxd8+ Bxd8 12. Rad1 Be7 13. Rd2 Bb7 14. a3
c5 15. e5 Rd8 16. Rxd8+ Kxd8 17. Bf3 Bxf3 18. Rxf3 Kc7 19. Ne4 Kc6 20. c3 Rd8
21. Rf1 Rd3 22. Re1 Nh4 23. Bf2 Ng6 24. Be3 c4 25. g3 Nf8 26. Kf2 Nd7 27. Ke2
h6 28. Bd4 Bc5 29. Bxc5 Nxc5 30. Nxc5 Kxc5 31. Rd1 Rxd1 32. Kxd1 Kd5 33. Ke2
Ke4 34. h3 g6 35. h4 h5 36. Kf2 Kd3 37. Kf3 Kc2 38. g4 Kxb2 39. gxh5 gxh5 40.
Ke4 Kxc3 41. f5 Kb3 42. fxe6 fxe6 43. Kf4 c3 44. Kg5 c2 45. Kxh5 c1=Q 46. Kg6
Qg1+ 47. Kf6 Qg4 48. h5 Qf5+ 49. Ke7 Qxe5 50. h6 Qg5+ 51. Kxe6 Qxh6+ 52. Ke5
Kc4 53. Ke4 Qe6+ 54. Kf3 Kd3 55. Kf4 Qe4+ 56. Kg5 Qf3 57. Kg6 Qf4 58. Kg7 Qf5
59. Kg8 Qd7 60. Kf8 Ke4 61. Kg8 Kf5 62. a4 Kg6 63. Kf8 Qd8# 0-1

[Event "DEM U10"]
[Site "Willingen"]
[Date "2006.06.07"]
[Round "8.13"]
[White "Bauer, Andreas"]
[Black "Plotkin, Alex"]
[Result "1/2-1/2"]
[WhiteElo "1438"]
[BlackElo "1364"]
[PlyCount "99"]
[EventDate "2006.??.??"]
[EventType "swiss"]
[EventRounds "11"]
[EventCountry "GER"]

1. e4 e5 2. d4 exd4 3. c3 dxc3 4. Bc4 Nc6 5. Nxc3 Nf6 6. Nf3 Bb4 7. O-O d6 8.
Bg5 Bxc3 9. bxc3 O-O 10. h3 b6 11. Qe2 Bb7 12. Bd5 Na5 13. Bxb7 Nxb7 14. Rfd1
Qe7 15. Nd2 Nc5 16. f3 h6 17. Bh4 g5 18. Bf2 Nd5 19. Bd4 Nf4 20. Qf1 f6 21. Nc4
Qf7 22. Ne3 Nce6 23. Nf5 Kh7 24. Be3 Ng7 25. Nd4 Nfe6 26. Ne2 Nh5 27. Nd4 Nxd4
28. cxd4 Rg8 29. d5 Nf4 30. Rac1 Rg7 31. Rc2 Rag8 32. g4 h5 33. Rh2 h4 34. Bxf4
gxf4 35. Qe1 Qh5 36. Kf1 Qg5 37. Rc1 Rf8 38. Qf2 Rff7 39. Ke1 Kg8 40. Rc6 Rh7
41. Qd4 Qe5 42. Qxe5 fxe5 43. a4 a5 44. Kd2 Kf8 45. Kc3 Ke8 46. Kc4 Kd8 47. Kb5
Kc8 48. Rc1 Kb7 49. Rb2 Rhg7 50. Rcb1 1/2-1/2

[Event "DEM U10"]
[Site "Willingen"]
[Date "2006.06.07"]
[Round "8.14"]
[White "Takeuchi, Eiki"]
[Black "Günthner, Arthur"]
[Result "0-1"]
[WhiteElo "1065"]
[BlackElo "1674"]
[PlyCount "116"]
[EventDate "2006.??.??"]
[EventType "swiss"]
[EventRounds "11"]
[EventCountry "GER"]

1. e4 e5 2. Nf3 Nc6 3. Bc4 Bc5 4. c3 Nf6 5. d4 exd4 6. e5 d5 7. Bb5 Ne4 8. cxd4
Bb4+ 9. Bd2 Nxd2 10. Nbxd2 O-O 11. O-O Bd7 12. Qb3 Bxd2 13. Bxc6 Bxc6 14. Nxd2
Rb8 15. Rac1 Be8 16. Qc2 c6 17. Nb3 b6 18. f4 Bd7 19. f5 Rc8 20. Qe2 Re8 21.
Qf2 Qg5 22. Rc3 Rc7 23. Rg3 Qh6 24. f6 g6 25. Qf4 Qxf4 26. Rxf4 c5 27. Re3 cxd4
28. Nxd4 Rc4 29. b3 Rc5 30. h3 h5 31. Rh4 Kh7 32. g4 Kh6 33. Ne2 Kg5 34. Nd4
Kxh4 35. Nf3+ Kg3 36. Ne1+ Kf4 37. Ng2+ Kg5 38. gxh5 gxh5 39. h4+ Kh6 40. Nf4
Be6 41. Rg3 Rc1+ 42. Kf2 Rc2+ 43. Kf3 Rc3+ 44. Kg2 Rxg3+ 45. Kxg3 Rc8 46. a4 d4
47. Kf3 Bf5 48. b4 Rc3+ 49. Ke2 Rc4 50. Nd5 d3+ 51. Kd1 Rd4 52. Nc7 d2 53. Nb5
Bg4+ 54. Kc2 d1=Q+ 55. Kb2 Rd2+ 56. Ka3 Rd3+ 57. Kb2 Qe2+ 58. Ka1 Rd1# 0-1

[Event "DEM U10"]
[Site "Willingen"]
[Date "2006.06.07"]
[Round "8.15"]
[White "Bokemaer, David"]
[Black "Peil, Christoph"]
[Result "1-0"]
[WhiteElo "1222"]
[BlackElo "1339"]
[PlyCount "123"]
[EventDate "2006.??.??"]
[EventType "swiss"]
[EventRounds "11"]
[EventCountry "GER"]

1. e4 c5 2. Nf3 Nc6 3. Nc3 g6 4. d4 cxd4 5. Nxd4 Bg7 6. Be3 Nf6 7. Bc4 O-O 8.
Bb3 d6 9. h3 Bd7 10. O-O Rc8 11. Qd2 Ne5 12. Qe2 a6 13. a4 Qc7 14. Ra3 Nc4 15.
Bxc4 Qxc4 16. Qd2 Rfd8 17. Rd1 Qc7 18. a5 Be8 19. Rb3 Bc6 20. Nxc6 Qxc6 21. Rb6
Qc7 22. Rc1 Rb8 23. Nd5 Nxd5 24. Qxd5 Rdc8 25. b3 Qd7 26. f4 Rc6 27. e5 Rxb6
28. Bxb6 Qc6 29. Qxc6 bxc6 30. Bc7 Rb5 31. exd6 exd6 32. Re1 Bh6 33. Bxd6 f5
34. Re8+ Kf7 35. Rc8 Rxa5 36. Rxc6 g5 37. Rc7+ Ke6 38. Rxh7 Kxd6 39. Rxh6+ Ke7
40. fxg5 Ra1+ 41. Kf2 Ra2 42. Ke3 Rxc2 43. Rxa6 Rxg2 44. Kf4 Rf2+ 45. Kg3 Rc2
46. b4 Rc4 47. Rb6 Kf7 48. Rf6+ Kg7 49. Rxf5 Rxb4 50. Rf4 Rb5 51. h4 Kg6 52.
Kg4 Rb1 53. Rf6+ Kg7 54. Kh5 Rb4 55. Rg6+ Kh7 56. Rd6 Kg7 57. Rd7+ Kg8 58. g6
Rb5+ 59. Kh6 Rb8 60. Rg7+ Kh8 61. Rf7 Rg8 62. Rh7# 1-0

[Event "DEM U10"]
[Site "Willingen"]
[Date "2006.06.07"]
[Round "8.16"]
[White "Sasse, Fabius"]
[Black "Scheel, Henrik"]
[Result "0-1"]
[WhiteElo "1337"]
[BlackElo "1173"]
[PlyCount "134"]
[EventDate "2006.??.??"]
[EventType "swiss"]
[EventRounds "11"]
[EventCountry "GER"]

1. d4 d5 2. c4 dxc4 3. e3 Nf6 4. Bxc4 e6 5. Nf3 Bb4+ 6. Bd2 Bxd2+ 7. Nbxd2 Nc6
8. O-O O-O 9. Qc2 Bd7 10. Rac1 Rc8 11. Qb3 Na5 12. Qa3 Nxc4 13. Rxc4 Bb5 14.
Qxa7 Bxc4 15. Nxc4 Qd5 16. b3 Ra8 17. Qc5 Qxc5 18. dxc5 Rxa2 19. b4 Ra4 20.
Nfd2 Rxb4 21. Ra1 Rb5 22. Ra7 h6 23. c6 bxc6 24. Rxc7 Rd8 25. h3 Rbd5 26. Nb3
Rf5 27. Nd4 Rc5 28. Nb6 Rb8 29. Nxc6 Rxb6 30. Ne7+ Kf8 31. Rxc5 Kxe7 32. Rc7+
Nd7 33. Rc8 Rb8 34. Rc1 Kf6 35. Kf1 Ne5 36. Ke2 Rb2+ 37. Kf1 Rxf2+ 38. Kxf2
Nd3+ 39. Ke2 Nxc1+ 40. Kd2 Nb3+ 41. Kd3 Kg5 42. Kc3 Nc5 43. Kd4 Nb7 44. Ke4 f6
45. Kf3 f5 46. g3 Kf6 47. Kf4 g5+ 48. Kf3 h5 49. Kf2 e5 50. Kf3 Nc5 51. h4 g4+
52. Kf2 Ne6 53. Kg2 f4 54. Kf2 f3 55. Ke1 e4 56. Kf2 Nc5 57. Kf1 Ke5 58. Kf2
Kd5 59. Kf1 Kc4 60. Ke1 Kd3 61. Kf2 Ne6 62. Kg1 Kxe3 63. Kh1 Kd4 64. Kh2 e3 65.
Kh1 f2 66. Kh2 f1=R 67. Kg2 Rf8 0-1

[Event "DEM U10"]
[Site "Willingen"]
[Date "2006.06.07"]
[Round "8.17"]
[White "Preiß, Vincent"]
[Black "Rahimi, Rozafa"]
[Result "1/2-1/2"]
[WhiteElo "1289"]
[BlackElo "1082"]
[PlyCount "81"]
[EventDate "2006.??.??"]
[EventType "swiss"]
[EventRounds "11"]
[EventCountry "GER"]

1. d4 Nf6 2. c4 e5 3. dxe5 Ng4 4. Bf4 Nc6 5. Nf3 Bb4+ 6. Nbd2 Qe7 7. e6 dxe6 8.
a3 Bxd2+ 9. Qxd2 Qc5 10. e3 b6 11. Bxc7 Ba6 12. b4 Qe7 13. Bd6 Qf6 14. Rd1 Bb7
15. Bg3 O-O 16. Qd6 Rad8 17. Qc7 Rxd1+ 18. Kxd1 Rd8+ 19. Kc2 Qf5+ 20. Kb3 Qb1+
21. Ka4 Qc2+ 22. Kb5 Ba6+ 23. Kxa6 Qa4+ 24. Kb7 Rb8+ 25. Qxb8+ Nxb8 26. Kxb8
Qc6 27. Kxa7 Nf6 28. Nd4 Qd7+ 29. Kxb6 Qd8+ 30. Bc7 Nd7+ 31. Kb7 Qh4 32. Kc6
Nf6 33. b5 Qe4+ 34. Kc5 Qb7 35. Bg3 Ne4+ 36. Kb4 Kf8 37. c5 Qd5 38. c6 e5 39.
Nf3 f6 40. Bc4 Qd6+ 41. Kb3 1/2-1/2

[Event "DEM U10"]
[Site "Willingen"]
[Date "2006.06.07"]
[Round "8.18"]
[White "Haferland, Konstantin"]
[Black "Holle, Cedric"]
[Result "1-0"]
[WhiteElo "1277"]
[BlackElo "1049"]
[PlyCount "69"]
[EventDate "2006.??.??"]
[EventType "swiss"]
[EventRounds "11"]
[EventCountry "GER"]

1. e4 e5 2. Nf3 Nc6 3. d4 exd4 4. Nxd4 Bc5 5. Be3 Nge7 6. Nxc6 bxc6 7. Bxc5 d6
8. Be3 O-O 9. Bd3 h6 10. O-O d5 11. exd5 cxd5 12. Re1 Qd6 13. Qf3 Be6 14. Bd4
c5 15. Be5 Qd7 16. Qg3 f6 17. Bc3 d4 18. Bd2 Rf7 19. Bf4 Kf8 20. Nd2 g5 21. Bd6
c4 22. Nxc4 f5 23. Qe5 Kg8 24. Qxe6 Qxe6 25. Rxe6 Nd5 26. Rae1 Kg7 27. Be5+ Kf8
28. Bxd4 Kg8 29. Re8+ Rxe8 30. Rxe8+ Kh7 31. g4 Ne7 32. Nd6 Rg7 33. Bxg7 Nd5
34. Bd4 Kg6 35. Bxf5# 1-0

[Event "DEM U10"]
[Site "Willingen"]
[Date "2006.06.07"]
[Round "8.19"]
[White "Urban, Lars"]
[Black "Svane, Rasmus"]
[Result "1-0"]
[WhiteElo "1265"]
[BlackElo "1034"]
[PlyCount "91"]
[EventDate "2006.??.??"]
[EventType "swiss"]
[EventRounds "11"]
[EventCountry "GER"]

1. d4 f5 2. c4 e6 3. Nc3 c6 4. Bf4 Nf6 5. e3 d5 6. Nf3 Nbd7 7. Qb3 b6 8. cxd5
cxd5 9. Bb5 Be7 10. Bc6 Ba6 11. Bxa8 Qxa8 12. Nb5 Bxb5 13. Qxb5 a6 14. Qb3 O-O
15. O-O Ne4 16. Qd3 g5 17. Be5 g4 18. Nd2 Nxd2 19. Qxd2 Nxe5 20. dxe5 Kh8 21.
Rac1 Qb8 22. Qc3 Bd8 23. f4 gxf3 24. Rxf3 Rg8 25. Rh3 Qb7 26. Qe1 d4 27. Rg3
Rxg3 28. Qxg3 dxe3 29. Qxe3 b5 30. Qc3 Qb6+ 31. Qc5 Qxc5+ 32. Rxc5 Bb6 33. b4
a5 34. Kf1 axb4 35. Rxb5 Bc7 36. Rxb4 Bxe5 37. a4 Kg8 38. Rb5 Bc7 39. a5 Bxa5
40. Rxa5 h5 41. Ra7 Kf8 42. Ke2 h4 43. Ke3 e5 44. Ra5 Kf7 45. Rxe5 Kf6 46. Kf4
1-0

[Event "DEM U10"]
[Site "Willingen"]
[Date "2006.06.07"]
[Round "8.20"]
[White "Neef, Maximilian"]
[Black "Hümmecke, Aaron"]
[Result "1-0"]
[WhiteElo "1197"]
[BlackElo "1260"]
[PlyCount "71"]
[EventDate "2006.??.??"]
[EventType "swiss"]
[EventRounds "11"]
[EventCountry "GER"]

1. d4 d5 2. c4 e6 3. Nc3 Nf6 4. Bg5 Nbd7 5. Nf3 c6 6. e3 Be7 7. Rc1 b6 8. Bd3
dxc4 9. Bxc4 b5 10. Bd3 a6 11. O-O O-O 12. a3 Re8 13. Qc2 Bb7 14. Nd2 c5 15.
Bxf6 Nxf6 16. dxc5 Bxc5 17. Nde4 Nxe4 18. Bxe4 Bxe4 19. Nxe4 Bb6 20. Rfd1 Qe7
21. Qc6 Qa7 22. Rd7 Qb8 23. Rb7 Qd8 24. Rxb6 Rc8 25. Qxc8 Qxc8 26. Rxc8 Rxc8
27. Kf1 Rc1+ 28. Ke2 h6 29. Kf3 Rc2 30. b4 f5 31. Nc5 e5 32. Rxa6 h5 33. g3 Kh7
34. Rb6 g5 35. Rxb5 g4+ 36. Kg2 1-0

[Event "DEM U10"]
[Site "Willingen"]
[Date "2006.06.07"]
[Round "8.21"]
[White "Mainik, Philipp"]
[Black "Bluhm, Sonja Maria"]
[Result "0-1"]
[WhiteElo "1258"]
[BlackElo "963"]
[PlyCount "88"]
[EventDate "2006.??.??"]
[EventType "swiss"]
[EventRounds "11"]
[EventCountry "GER"]

1. e4 e5 2. Nf3 Nc6 3. Bb5 a6 4. Ba4 Nf6 5. O-O Be7 6. Re1 b5 7. Bb3 O-O 8. c3
d5 9. exd5 Nxd5 10. Nxe5 Nxe5 11. Rxe5 c6 12. d4 Bd6 13. Rh5 Be6 14. Qc2 Nf6
15. Bg5 g6 16. Rh6 Re8 17. Nd2 Qe7 18. Bxf6 Qxf6 19. Ne4 Qe7 20. Nxd6 Qxd6 21.
Bxe6 Qxe6 22. Kf1 Qc4+ 23. Kg1 Qxa2 24. Qd1 Qxb2 25. Rh3 Re2 26. Rb1 Qd2 27.
Kf1 Rxf2+ 28. Kg1 Rxg2+ 29. Kh1 Qxd1+ 30. Rxd1 Rc2 31. Rf1 a5 32. Rhf3 Rf8 33.
Rf6 Rxc3 34. Kg2 a4 35. Kf2 a3 36. Ke2 a2 37. Kd2 Ra3 38. Ra1 b4 39. Kc2 Rd8
40. Rxc6 Rxd4 41. Rb6 Rh4 42. Kc1 Rxh2 43. Rxb4 Rf3 44. Rd4 Rf1+ 0-1

[Event "DEM U10"]
[Site "Willingen"]
[Date "2006.06.07"]
[Round "8.23"]
[White "Müller, Alexandra"]
[Black "Schnorr, Christian"]
[Result "1/2-1/2"]
[WhiteElo "1149"]
[BlackElo "1372"]
[PlyCount "120"]
[EventDate "2006.??.??"]
[EventType "swiss"]
[EventRounds "11"]
[EventCountry "GER"]

1. e4 c5 2. Nf3 e6 3. Nc3 d6 4. Be2 Nf6 5. O-O Be7 6. d4 cxd4 7. Nxd4 O-O 8.
Re1 a6 9. h3 b5 10. a3 Bb7 11. Bd3 Nc6 12. Nxc6 Bxc6 13. Be3 Qc7 14. Qd2 d5 15.
exd5 Nxd5 16. Nxd5 Bxd5 17. Bf4 Bd6 18. Bxd6 Qxd6 19. Be4 Rfd8 20. Rad1 Qd7 21.
Bxd5 Qxd5 22. Qxd5 Rxd5 23. Rxd5 exd5 24. Rd1 Rd8 25. b3 Kf8 26. Kf1 Ke7 27.
Rd3 Ke6 28. Ke2 Kd6 29. Re3 Rc8 30. Kd3 a5 31. c3 Rb8 32. Rf3 f6 33. g3 b4 34.
axb4 axb4 35. cxb4 Rxb4 36. Kc3 Kc5 37. Rf5 Rb7 38. Rf4 Rc7 39. Kd3 Rd7 40. f3
Rd6 41. h4 Rb6 42. b4+ Kd6 43. g4 Ke5 44. Rd4 Ra6 45. f4+ Kd6 46. Ke3 Rb6 47.
g5 f5 48. Kf3 Ra6 49. Ke3 g6 50. Ke2 Rc6 51. Ke3 Ra6 52. Rd2 Ra3+ 53. Rd3 Ra6
54. Kd4 Rb6 55. Rb3 Rb5 56. Rb2 Ke6 57. Rb3 Kd6 58. Rb2 Ke6 59. Rb3 Kd6 60. Rb2
Ke6 1/2-1/2

[Event "DEM U10"]
[Site "Willingen"]
[Date "2006.06.07"]
[Round "8.24"]
[White "Volz, Alexander"]
[Black "Powierski, Emil"]
[Result "1/2-1/2"]
[WhiteElo "1366"]
[BlackElo "1155"]
[PlyCount "86"]
[EventDate "2006.??.??"]
[EventType "swiss"]
[EventRounds "11"]
[EventCountry "GER"]

1. e4 c5 2. Nf3 d6 3. d4 cxd4 4. Nxd4 Nf6 5. Nc3 a6 6. Be3 e5 7. Nf3 Be6 8. Ng5
Bd7 9. Bc4 Be6 10. Nxe6 fxe6 11. Bxe6 Qe7 12. Bb3 Nbd7 13. f3 Rd8 14. O-O Nc5
15. Nd5 Qf7 16. Nxf6+ Qxf6 17. Bd5 Rd7 18. Qd2 Be7 19. Rad1 h5 20. c3 Ne6 21.
h3 Rg8 22. Bxe6 Qxe6 23. a3 g5 24. g4 Bd8 25. Rf2 h4 26. Qd5 Qxd5 27. Rxd5 b5
28. Rfd2 Ke7 29. Kg2 Bc7 30. Rc2 Kf6 31. c4 bxc4 32. Rxc4 Rb8 33. b4 Bb6 34.
Bxb6 Rxb6 35. Rc8 Kf7 36. Rd2 Ke7 37. Rdc2 Ra7 38. R2c7+ Rxc7 39. Rxc7+ Ke6 40.
Kf2 a5 41. Rc4 axb4 42. Rxb4 Rc6 43. Rb2 d5 1/2-1/2

[Event "DEM U10"]
[Site "Willingen"]
[Date "2006.06.07"]
[Round "8.25"]
[White "Nelson, Philip"]
[Black "Pfadenhauer, Johannes"]
[Result "1/2-1/2"]
[WhiteElo "1103"]
[BlackElo "1281"]
[PlyCount "40"]
[EventDate "2006.??.??"]
[EventType "swiss"]
[EventRounds "11"]
[EventCountry "GER"]

1. e4 c5 2. c3 d6 3. d4 cxd4 4. cxd4 Nf6 5. Nc3 Bd7 6. Nf3 g6 7. e5 Ng4 8. h3
Nh6 9. Bxh6 Bxh6 10. Bc4 Qc7 11. Qb3 O-O 12. O-O Nc6 13. Bd5 e6 14. Bxc6 Bxc6
15. Nb5 Bxb5 16. Qxb5 a6 17. Qe2 Rfd8 18. Rfd1 Bg7 19. Rac1 Qa5 20. b3 Rac8
1/2-1/2

[Event "DEM U10"]
[Site "Willingen"]
[Date "2006.06.07"]
[Round "8.26"]
[White "Höpfner, Tim"]
[Black "Bonk, Andras"]
[Result "1-0"]
[WhiteElo "1265"]
[BlackElo "1084"]
[PlyCount "59"]
[EventDate "2006.??.??"]
[EventType "swiss"]
[EventRounds "11"]
[EventCountry "GER"]

1. d4 d5 2. c4 e6 3. Nf3 Nf6 4. Nc3 Nc6 5. e3 Bd6 6. Bd3 e5 7. cxd5 exd4 8.
exd4 Nb4 9. Bc4 Bf5 10. O-O O-O 11. Bb3 Be7 12. Re1 Re8 13. Re5 Bg6 14. h3 a5
15. Ba4 Rf8 16. Bg5 Bd6 17. Re1 h6 18. Bh4 Be7 19. Qe2 Bd6 20. Ne5 Ra6 21. Nxg6
fxg6 22. Bxf6 Rxf6 23. a3 c5 24. axb4 cxd4 25. Ne4 Rf7 26. Nxd6 Qxd6 27. Qe8+
Rf8 28. Qe6+ Qxe6 29. dxe6 axb4 30. e7 1-0

[Event "DEM U10"]
[Site "Willingen"]
[Date "2006.06.07"]
[Round "8.27"]
[White "Spiegelberg, Silvia"]
[Black "Knopf, Felix"]
[Result "0-1"]
[WhiteElo "1046"]
[BlackElo "1251"]
[PlyCount "55"]
[EventDate "2006.??.??"]
[EventType "swiss"]
[EventRounds "11"]
[EventCountry "GER"]

1. c4 e5 2. g3 Nf6 3. Bg2 Nc6 4. d3 d6 5. e4 g6 6. Nc3 Bg7 7. Nge2 Be6 8. O-O
O-O 9. a3 a5 10. Nd5 Bxd5 11. cxd5 Ne7 12. f4 Qd7 13. h3 exf4 14. Bxf4 Qb5 15.
Qd2 Qd7 16. Bg5 Ne8 17. Bf3 f6 18. Bg4 Qd8 19. Be6+ Kh8 20. Bh6 c6 21. Rf2 cxd5
22. Raf1 dxe4 23. Bg5 exd3 24. Qxd3 Nc6 25. Nf4 Ne5 26. Qc2 fxg5 27. Nd3 Rxf2
28. Rxf2 0-1

[Event "DEM U10"]
[Site "Willingen"]
[Date "2006.06.07"]
[Round "8.28"]
[White "Imgrunt, Philipp"]
[Black "Jünger, Alexander"]
[Result "1-0"]
[WhiteElo "982"]
[BlackElo "1197"]
[PlyCount "109"]
[EventDate "2006.??.??"]
[EventType "swiss"]
[EventRounds "11"]
[EventCountry "GER"]

1. e4 e5 2. Nf3 Nc6 3. Bc4 Nf6 4. Nc3 Nxe4 5. Nxe4 d5 6. Bxd5 Qxd5 7. Nc3 Qd8
8. O-O Bd6 9. h3 Be6 10. d3 O-O 11. Be3 Qc8 12. Ng5 Bd7 13. d4 f5 14. d5 Ne7
15. Bd2 h6 16. Nf3 c6 17. dxc6 Bxc6 18. Bxh6 gxh6 19. Qxd6 e4 20. Ne5 Qd8 21.
Qxh6 Qc7 22. Qg5+ Kh7 23. Qh5+ Kg7 24. Qg5+ Kh7 25. Nxc6 Nxc6 26. Nd5 Qg7 27.
Qxg7+ Kxg7 28. Nc7 Rac8 29. Ne6+ Kf7 30. Nxf8 Rxf8 31. Rad1 Ne5 32. f4 exf3 33.
gxf3 Rg8+ 34. Kh2 f4 35. Rd4 Ng6 36. Rd7+ Kf6 37. Rxb7 Nh4 38. Rxa7 Rg3 39. Ra3
Rg2+ 40. Kh1 Rxc2 41. b4 Rb2 42. Ra6+ Ke5 43. Re1+ Kd4 44. Rd6+ Kc4 45. Rc1+
Kb5 46. Rh6 Nxf3 47. Rc5+ Ka4 48. Ra6+ Kxb4 49. Rb6+ Kxc5 50. Rxb2 Kd4 51. a4
Ne5 52. a5 Nc4 53. Rb4 f3 54. Kg1 Kd3 55. Rxc4 1-0

[Event "DEM U10"]
[Site "Willingen"]
[Date "2006.06.07"]
[Round "8.29"]
[White "Helle, Samuel"]
[Black "Schulze, Tabea"]
[Result "1-0"]
[WhiteElo "1358"]
[BlackElo "869"]
[PlyCount "93"]
[EventDate "2006.??.??"]
[EventType "swiss"]
[EventRounds "11"]
[EventCountry "GER"]

1. e4 e5 2. Nf3 Nc6 3. c3 d5 4. Qa4 Bd7 5. exd5 e4 6. Qxe4+ Qe7 7. Qxe7+ Ncxe7
8. d4 Nxd5 9. Bc4 Be6 10. Nbd2 Ngf6 11. O-O Bd6 12. Bxd5 Bxd5 13. Re1+ Be6 14.
c4 O-O 15. Ng5 Bf5 16. Nde4 Nxe4 17. Nxe4 Rfe8 18. f3 Bb4 19. Bd2 Bxd2 20. Nxd2
Rxe1+ 21. Rxe1 h6 22. Ne4 Rd8 23. g4 Be6 24. d5 f5 25. dxe6 fxe4 26. Rxe4 Re8
27. Kg2 c6 28. Kg3 b5 29. cxb5 cxb5 30. h4 a5 31. Kf4 Kh7 32. Ke5 g5 33. h5 Kg7
34. Kd6 Kf6 35. e7 Kf7 36. Kd7 a4 37. a3 b4 38. axb4 a3 39. bxa3 Rb8 40. e8=Q+
Rxe8 41. Rxe8 Kf6 42. b5 Kf7 43. b6 Kf6 44. b7 Kf7 45. b8=Q Kf6 46. Qb6+ Kg7
47. Qg6# 1-0

[Event "DEM U10"]
[Site "Willingen"]
[Date "2006.06.07"]
[Round "8.30"]
[White "Winterholler, Christina"]
[Black "Palm, Sören"]
[Result "1-0"]
[WhiteElo "1332"]
[BlackElo "1023"]
[PlyCount "89"]
[EventDate "2006.??.??"]
[EventType "swiss"]
[EventRounds "11"]
[EventCountry "GER"]

1. e4 e5 2. Nf3 d5 3. exd5 Qxd5 4. Nc3 Qd6 5. Bc4 Qg6 6. g3 Nc6 7. Bb5 Bd7 8.
Bxc6 Bxc6 9. Nxe5 Qe6 10. O-O f6 11. Nxc6 Qxc6 12. Qh5+ g6 13. Qb5 Ne7 14. Re1
O-O-O 15. Qxc6 Nxc6 16. Ne2 Bh6 17. d3 Ne5 18. Bxh6 Nf3+ 19. Kg2 Nxe1+ 20. Rxe1
g5 21. Bg7 Rhe8 22. Bxf6 Rd5 23. Nc3 Rxe1 24. Nxd5 Re2 25. Nb4 a5 26. Nd5 Rxc2
27. Bc3 g4 28. Ne3 Rc1 29. Nxg4 Ra1 30. a3 a4 31. Ne3 b5 32. f4 Kd7 33. h4 Ke6
34. g4 Kf7 35. f5 h6 36. g5 hxg5 37. hxg5 c5 38. g6+ Kg8 39. f6 b4 40. axb4 a3
41. bxc5 a2 42. b3 Rc1 43. Bd4 Re1 44. Nd5 Re6 45. Ne7+ 1-0

[Event "DEM U10"]
[Site "Willingen"]
[Date "2006.06.07"]
[Round "8.32"]
[White "Stolcz, Bianca"]
[Black "Berger, Nadja"]
[Result "1-0"]
[WhiteElo "1095"]
[BlackElo "801"]
[PlyCount "23"]
[EventDate "2006.??.??"]
[EventType "swiss"]
[EventRounds "11"]
[EventCountry "GER"]

1. d4 c5 2. d5 d6 3. c4 g6 4. Nc3 Bg7 5. Bd2 Nf6 6. Bg5 O-O 7. e3 Na6 8. Bd3
Nc7 9. f4 Rb8 10. Nf3 a6 11. O-O b5 12. Bxf6 {wegen Übelkeit} 1-0

[Event "DEM U10"]
[Site "Willingen"]
[Date "2006.06.07"]
[Round "8.34"]
[White "Hellwig, Immo"]
[Black "Puffay, Jana"]
[Result "1-0"]
[WhiteElo "1074"]
[BlackElo "733"]
[PlyCount "33"]
[EventDate "2006.??.??"]
[EventType "swiss"]
[EventRounds "11"]
[EventCountry "GER"]

1. e4 e5 2. Nf3 Nc6 3. Nc3 Nf6 4. Bc4 Bc5 5. d3 O-O 6. Bg5 d6 7. Nd5 Bg4 8.
Nxf6+ gxf6 9. Bh6 Re8 10. Qd2 Qd7 11. O-O-O Nd4 12. h3 Nxf3 13. gxf3 Bxf3 14.
Rhg1+ Kh8 15. Bg7+ Kg8 16. Bxf6+ Kf8 17. Qh6# 1-0

[Event "DEM U10"]
[Site "Willingen"]
[Date "2006.06.07"]
[Round "8.36"]
[White "Dang, An-Hai"]
[Black "Püschel, Torben"]
[Result "1-0"]
[WhiteElo "1334"]
[BlackElo "937"]
[PlyCount "133"]
[EventDate "2006.??.??"]
[EventType "swiss"]
[EventRounds "11"]
[EventCountry "GER"]

1. e4 e5 2. Nf3 Nc6 3. Bc4 Nf6 4. d3 Bc5 5. Nc3 d6 6. O-O Bg4 7. h3 Bh5 8. Be3
Bd4 9. Rb1 O-O 10. Nb5 a6 11. Nbxd4 exd4 12. Bf4 d5 13. exd5 Nxd5 14. Bh2 Re8
15. Bb3 Ne5 16. Bxe5 Rxe5 17. g4 Bxg4 18. hxg4 Re7 19. Re1 Qd7 20. Nh2 Rae8 21.
Rxe7 Nxe7 22. Qf3 Ng6 23. Qxb7 Nh4 24. Qd5 Qxd5 25. Bxd5 c5 26. Nf3 Nxf3+ 27.
Bxf3 h6 28. Kf1 g5 29. Re1 Rxe1+ 30. Kxe1 Kg7 31. c3 dxc3 32. bxc3 Kg6 33. Ke2
f5 34. gxf5+ Kxf5 35. Ke3 g4 36. Bg2 h5 37. d4 cxd4+ 38. cxd4 h4 39. d5 a5 40.
a4 h3 41. Bh1 h2 42. d6 Ke6 43. Kf4 Kxd6 44. Kxg4 Kc5 45. Kg3 Kb4 46. Kxh2 Kxa4
47. Bc6+ Kb4 48. f4 a4 49. Bxa4 Kxa4 50. f5 Kb5 51. f6 Kc6 52. f7 Kd5 53. f8=Q
Ke4 54. Kg3 Kd4 55. Qe8 Kd5 56. Kf4 Kd4 57. Qd7+ Kc5 58. Ke5 Kc4 59. Qd4+ Kb5
60. Qc3 Kb6 61. Kd6 Kb5 62. Qc5+ Ka4 63. Qb6 Ka3 64. Kc5 Ka2 65. Kc4 Ka1 66.
Kc3 Ka2 67. Qb2# 1-0